[Event "DSOL 2021"]
[Site "Germany"]
[Date "2021.03.16"]
[Round "6.2"]
[White "Brockhoff, Moritz"]
[Black "Landt, Stefan"]
[Result "1/2-1/2"]
[WhiteElo "1985"]
[BlackElo "1904"]
[Annotator "TA"]
[PlyCount "67"]
[EventDate "2021.01.18"]
[EventType "team-tourn"]
[EventCountry "GER"]
[SourceTitle "playchess.com"]
[Source "ChessBase"]
[SourceQuality "1"]

1. e4 c6 2. d4 d5 3. e5 Bf5 4. g4 Be4 5. f3 Bg6 6. h4 h5 7. Ne2 e6 8. Nf4 Ne7 9. Nc3 Nd7 10. Be3 Qb6 11. Qd2 Qxb2 12. Rb1 Qxc2 13. Qxc2 Bxc2 14. Rxb7 hxg4 15. fxg4 Rb8 16. Rxb8+ Nxb8 17. Rh2 Be4 18. Rb2 Nd7 19. h5 Bf3 20. Be2 Bxe2 21. Kxe2 c5 22. Rb7 Nc6 23. Nb5 cxd4 24. Nxd4 Ndxe5 25. Nxc6 Nxc6 26. Rc7 Ne5 27. g5 Nd7 28. Rc8+ Ke7 29. Bd2 Kd6 30. g6 f6 31. Re8 e5 32. Ne6 Rxh5 33. Bb4+ Kc6 34. Nxf8 1/2-1/2

[Event "DSOL 2021"]
[Site "Germany"]
[Date "2021.03.16"]
[Round "6.2"]
[White "Schneider, Stefan"]
[Black "Becker, Michael"]
[Result "1/2-1/2"]
[WhiteElo "1979"]
[BlackElo "2267"]
[Annotator "TA"]
[PlyCount "67"]
[EventDate "2021.01.18"]
[EventType "team-tourn"]
[EventCountry "GER"]
[SourceTitle "playchess.com"]
[Source "ChessBase"]
[SourceQuality "1"]

1. e4 d5 2. exd5 Nf6 3. d4 Bg4 4. Be2 Bxe2 5. Nxe2 Qxd5 6. Nbc3 Qd7 7. Bg5 h6 8. Bh4 g5 9. Bg3 Nc6 10. Nb5 Rc8 11. h4 Bg7 12. c3 a6 13. Na3 Qd5 14. O-O O-O 15. hxg5 hxg5 16. Nc2 e6 17. Ne3 Qd7 18. Qc2 Nd5 19. Qd2 Nxe3 20. Qxe3 Qd5 21. f4 g4 22. f5 exf5 23. Qg5 f6 24. Qxf5 Qxf5 25. Rxf5 Ne7 26. Rf4 f5 27. Rf2 Nd5 28. Raf1 Rce8 29. Rxf5 Rxe2 30. Rxd5 Rxb2 31. Bxc7 Rc2 32. Rg5 Rxf1+ 33. Kxf1 Kf7 34. Rxg4 1/2-1/2

[Event "DSOL 2021"]
[Site "Germany"]
[Date "2021.03.18"]
[Round "6.2"]
[White "Ahlberg, Mario"]
[Black "Guetschow, Martin"]
[Result "1-0"]
[WhiteElo "1976"]
[BlackElo "1946"]
[Annotator "TA"]
[PlyCount "75"]
[EventDate "2021.01.18"]
[EventType "team-tourn"]
[EventCountry "GER"]
[SourceTitle "playchess.com"]
[Source "ChessBase"]
[SourceQuality "1"]

1. e4 e5 2. Nf3 Nf6 3. Nxe5 d6 4. Nf3 Nxe4 5. Qe2 Qe7 6. d3 Nf6 7. Bg5 Be6 8. Nc3 Nbd7 9. O-O-O O-O-O 10. h3 h6 11. Bh4 g5 12. Bg3 Bg7 13. Nd4 Rhe8 14. Nxe6 Qxe6 15. d4 Qxe2 16. Bxe2 Ne4 17. Bg4 Kb8 18. Nxe4 Rxe4 19. c3 Nf6 20. Bf3 Re7 21. Rde1 Rde8 22. Kd2 Ne4+ 23. Bxe4 Rxe4 24. Rxe4 Rxe4 25. Kd3 Re8 26. h4 f6 27. f3 Kc8 28. d5 Kd7 29. Re1 Rxe1 30. Bxe1 f5 31. g4 fxg4 32. fxg4 Ke7 33. Ke4 Kf6 34. h5 Kf7 35. a4 Be5 36. a5 a6 37. Bf2 c5 38. Bxc5 1-0

[Event "DSOL 2021"]
[Site "Germany"]
[Date "2021.03.19"]
[Round "6.2"]
[White "Melcher, Matthias"]
[Black "Grossmann, Piet"]
[Result "0-1"]
[WhiteElo "1975"]
[BlackElo "1902"]
[Annotator "NA"]
[PlyCount "90"]
[EventDate "2021.01.18"]
[EventType "team-tourn"]
[EventCountry "GER"]
[SourceTitle "playchess.com"]
[Source "ChessBase"]
[SourceQuality "1"]
[WhiteTeam " SC Moosburg"]
[BlackTeam "SAV Torgelow I"]

1. e4 e6 2. d4 d5 3. Nd2 c5 4. c3 Nc6 5. Ngf3 Nf6 6. e5 Nd7 7. Bd3 Qb6 8. O-O cxd4 9. cxd4 Nxd4 10. Nxd4 Qxd4 11. Nf3 Qb6 12. Qc2 h6 13. Be3 Bc5 14. Bxc5 Nxc5 15. Be2 Bd7 16. Rac1 Rc8 17. a3 O-O 18. b4 Na6 19. Qd2 Nb8 20. Qf4 Bb5 21. Bxb5 Qxb5 22. Nd4 Qd7 23. b5 Qe7 24. a4 Nd7 25. Nf3 Nb6 26. h3 Nc4 27. Nh2 Qg5 28. Qxg5 hxg5 29. Nf3 f6 30. exf6 gxf6 31. Rfe1 e5 32. Rcd1 Rfd8 33. Re2 Kf7 34. Kh2 d4 35. Rc2 Nb6 36. Ra2 Nd5 37. Ra3 Rc2 38. Kg3 Nc3 39. Re1 Ne2+ 40. Kg4 Kg6 41. h4 f5+ 42. Kh3 g4+ 43. Kh2 gxf3 44. gxf3 d3 45. Rd1 d2 0-1

[Event "DSOL 2021"]
[Site "Germany"]
[Date "2021.03.15"]
[Round "6.2"]
[White "Thomas, Tobias"]
[Black "Klaus, Christian"]
[Result "0-1"]
[WhiteElo "1958"]
[BlackElo "1949"]
[Annotator "TA"]
[PlyCount "50"]
[EventDate "2021.01.18"]
[EventType "team-tourn"]
[EventCountry "GER"]
[SourceTitle "playchess.com"]
[Source "ChessBase"]
[SourceQuality "1"]

1. c4 e5 2. g3 Nc6 3. Bg2 g6 4. Nc3 Bg7 5. Rb1 Nf6 6. b4 O-O 7. b5 Ne7 8. d3 d5 9. Ba3 dxc4 10. dxc4 Qxd1+ 11. Rxd1 Re8 12. Nf3 e4 13. Ng5 e3 14. Bxe7 exf2+ 15. Kf1 Rxe7 16. Rd8+ Re8 17. Rxe8+ Nxe8 18. Nd5 h6 19. Ne4 Kf8 20. Kxf2 a6 21. Rc1 axb5 22. cxb5 Rxa2 23. Nxc7 Bd4+ 24. Kf3 Ra3+ 25. e3 Rxe3+ 0-1

[Event "DSOL 2021"]
[Site "Germany"]
[Date "2021.03.16"]
[Round "6.2"]
[White "Steinmueller, Stefanie"]
[Black "Daday, Csaba"]
[Result "0-1"]
[WhiteElo "1950"]
[BlackElo "1690"]
[Annotator "TA"]
[PlyCount "96"]
[EventDate "2021.01.18"]
[EventType "team-tourn"]
[EventCountry "GER"]
[SourceTitle "playchess.com"]
[Source "ChessBase"]
[SourceQuality "1"]

1. e4 c5 2. Nc3 a6 3. a4 Nc6 4. g3 e6 5. Bg2 Nge7 6. Nge2 d5 7. exd5 exd5 8. d4 Be6 9. O-O cxd4 10. Nxd4 Nxd4 11. Qxd4 Nc6 12. Qd1 Nb4 13. Re1 Be7 14. Ne2 Bf5 15. Nd4 Bg6 16. Bg5 f6 17. Bf4 Qc8 18. Rxe7+ Kxe7 19. Qe1+ Kf7 20. Qxb4 Qd7 21. c4 Be4 22. f3 dxc4 23. Qxc4+ Bd5 24. Qb4 Rac8 25. Re1 Rc4 26. Qd2 Rxa4 27. b3 Ra3 28. Qb4 Ra2 29. Re2 Ra1+ 30. Kf2 Re8 31. Rxe8 Qxe8 32. Nf5 Ra2+ 33. Bd2 Qe5 34. Bh3 a5 35. Qd4 Qxd4+ 36. Nxd4 Rxd2+ 37. Ke3 Rxh2 38. Bd7 Rb2 39. Ba4 Bc6 40. Nxc6 bxc6 41. Kd4 Rf2 42. Bxc6 g5 43. Ke4 h5 44. Bd7 Rb2 45. Ba4 h4 46. gxh4 gxh4 47. Bb5 Kg6 48. Kf4 h3 0-1

[Event "DSOL 2021"]
[Site "Germany"]
[Date "2021.03.18"]
[Round "6.2"]
[White "Klugstedt, Vincent"]
[Black "Bosser, Heinz-Dieter"]
[Result "1-0"]
[WhiteElo "1928"]
[BlackElo "1947"]
[Annotator "TA"]
[PlyCount "69"]
[EventDate "2021.01.18"]
[EventType "team-tourn"]
[EventCountry "GER"]
[SourceTitle "playchess.com"]
[Source "ChessBase"]
[SourceQuality "1"]

1. d4 Nf6 2. c4 e6 3. Nc3 Bb4 4. Nf3 O-O 5. Qc2 d5 6. cxd5 exd5 7. Bg5 c6 8. e3 Re8 9. Bd3 h6 10. Bh4 Be7 11. O-O Nfd7 12. Bg3 Nf8 13. a3 a5 14. Ne5 Bd6 15. Rad1 Be6 16. f4 f6 17. Nf3 Bg4 18. e4 dxe4 19. Nxe4 Re7 20. Rde1 Na6 21. Nxd6 Qxd6 22. f5 Qd7 23. Qc4+ Kh8 24. Ne5 fxe5 25. f6 gxf6 26. Rxf6 Be6 27. Bxe5 Kg8 28. Qc1 Rg7 29. Qxh6 Bd5 30. Re2 Qg4 31. Rf4 Qg5 32. Bxg7 Qxg7 33. Qxg7+ Kxg7 34. Re7+ Kg8 35. Re3 1-0

[Event "DSOL 2021"]
[Site "Germany"]
[Date "2021.03.19"]
[Round "6.2"]
[White "Schramm, Christian"]
[Black "Kornitzky, Tino"]
[Result "1-0"]
[WhiteElo "1921"]
[BlackElo "2083"]
[Annotator "NA"]
[PlyCount "113"]
[EventDate "2021.01.18"]
[EventType "team-tourn"]
[EventCountry "GER"]
[SourceTitle "playchess.com"]
[Source "ChessBase"]
[SourceQuality "1"]
[WhiteTeam "SK Bickenbach I"]
[BlackTeam "Bayern München I"]

1. e4 e5 2. Nf3 Nc6 3. Bc4 Bc5 4. d3 Nf6 5. c3 d6 6. O-O O-O 7. Bg5 h6 8. Bh4 a6 9. Nbd2 Ba7 10. Bb3 Re8 11. h3 Be6 12. Nc4 b5 13. Ne3 Bxe3 14. fxe3 Nb8 15. Nh2 g5 16. Bg3 Nbd7 17. Bc2 c6 18. d4 Qe7 19. Qf3 Rad8 20. Rad1 Kg7 21. b3 a5 22. Qf2 a4 23. Nf3 Kg8 24. dxe5 dxe5 25. Nxe5 Nxe5 26. Bxe5 Rxd1 27. Rxd1 Nd7 28. Bd6 Qf6 29. Qd2 axb3 30. axb3 Ra8 31. e5 Qg7 32. Qd4 g4 33. hxg4 Qxg4 34. Be4 Ra6 35. Bf3 Qg5 36. b4 c5 37. Qf4 c4 38. Qxg5+ hxg5 39. Bb7 Ra3 40. Rc1 Nb6 41. Bc5 Nd5 42. Bd4 Ne7 43. Kf2 Ra2+ 44. Kf3 g4+ 45. Kg3 Re2 46. Kf4 Nd5+ 47. Kg5 Nxe3 48. Bc6 Nxg2 49. Bxb5 Kg7 50. Bc6 Ne1 51. b5 Nf3+ 52. Kf4 Rb2 53. Bb6 Re2 54. Bd4 Nh4 55. b6 Ng6+ 56. Kg5 Nxe5 57. Rf1 1-0

[Event "DSOL 2021"]
[Site "Germany"]
[Date "2021.03.15"]
[Round "6.2"]
[White "Alexopoulos, Spiros Orestis"]
[Black "Semenchenko, Dimitri"]
[Result "0-1"]
[WhiteElo "1911"]
[BlackElo "1526"]
[Annotator "TA"]
[PlyCount "70"]
[EventDate "2021.01.18"]
[EventType "team-tourn"]
[EventCountry "GER"]
[SourceTitle "playchess.com"]
[Source "ChessBase"]
[SourceQuality "1"]

1. e4 e6 2. d4 d5 3. Nc3 Nf6 4. Bg5 Bb4 5. e5 h6 6. Bd2 Bxc3 7. bxc3 Ne4 8. Bd3 Nxd2 9. Qxd2 c5 10. Nf3 Nc6 11. O-O O-O 12. Qf4 Qa5 13. dxc5 Qxc3 14. Rae1 Bd7 15. Re3 Qxc5 16. Ng5 Qd4 17. Qg3 Rac8 18. c3 Qc5 19. Nh7 Rfd8 20. Nf6+ Kh8 21. Qh4 Nxe5 22. Rxe5 Qe7 23. Rh5 Qxf6 24. Qxf6 gxf6 25. Rxh6+ Kg7 26. Rh7+ Kf8 27. f4 Rxc3 28. Bb1 Rdc8 29. Rh8+ Ke7 30. Rh7 Rc1 31. Bg6 Rxf1+ 32. Kxf1 Be8 33. h4 f5 34. Bh5 Kf8 35. Bf3 Kg8 0-1

[Event "DSOL 2021"]
[Site "Germany"]
[Date "2021.03.16"]
[Round "6.2"]
[White "Poetsch, Matthias"]
[Black "Simon, Jonathan"]
[Result "1-0"]
[WhiteElo "1903"]
[BlackElo "1949"]
[Annotator "TA"]
[PlyCount "51"]
[EventDate "2021.01.18"]
[EventType "team-tourn"]
[EventCountry "GER"]
[SourceTitle "playchess.com"]
[Source "ChessBase"]
[SourceQuality "1"]

1. d4 Nf6 2. c4 g6 3. Bf4 Bg7 4. e3 O-O 5. Nc3 d6 6. h3 c5 7. Nf3 cxd4 8. exd4 Qb6 9. a3 Bf5 10. b4 Re8 11. Be3 Ne4 12. Na4 Qd8 13. g4 Bd7 14. Bg2 b5 15. Qd3 bxa4 16. Qxe4 Bc6 17. Qc2 e5 18. d5 Bd7 19. Rc1 f5 20. gxf5 gxf5 21. Ng5 Qe7 22. c5 Bh6 23. h4 f4 24. Bd2 Rf8 25. cxd6 Qxd6 26. Qxh7# 1-0

[Event "DSOL 2021"]
[Site "Germany"]
[Date "2021.03.17"]
[Round "6.2"]
[White "Idelsohn, Garcia Jorge Francis"]
[Black "Aden, Tammo"]
[Result "1-0"]
[WhiteElo "1900"]
[BlackElo "1907"]
[Annotator "TA"]
[PlyCount "121"]
[EventDate "2021.01.18"]
[EventType "team-tourn"]
[EventCountry "GER"]
[SourceTitle "playchess.com"]
[Source "ChessBase"]
[SourceQuality "1"]

1. e4 c6 2. d4 d5 3. exd5 cxd5 4. Bd3 Nc6 5. c3 Nf6 6. Bf4 Qb6 7. Qb3 Qxb3 8. axb3 Nh5 9. Be3 e5 10. dxe5 Nxe5 11. Be2 Nf6 12. Rxa7 Rxa7 13. Bxa7 Bf5 14. Nd2 Bd6 15. Ngf3 Nd3+ 16. Bxd3 Bxd3 17. b4 O-O 18. Nb3 Ra8 19. Be3 Ne4 20. Kd1 Ra2 21. Kc1 d4 22. Bxd4 Bf4+ 23. Be3 Bxe3+ 24. fxe3 Nf2 25. Re1 b6 26. Rg1 Bc4 27. Kc2 Bd3+ 28. Kc1 Bc4 29. Nbd4 Nd3+ 30. Kd2 Rxb2+ 31. Nc2 Nf2 32. Ra1 g6 33. Nfd4 Kg7 34. e4 Nxe4+ 35. Kc1 Ra2 36. Rxa2 Bxa2 37. Kb2 Bc4 38. Ne3 Nd6 39. Nxc4 Nxc4+ 40. Kb3 Nd6 41. c4 Ne4 42. Nb5 Kf6 43. Nc7 Ke5 44. Na8 Nd2+ 45. Kc3 Ne4+ 46. Kd3 b5 47. cxb5 Nd6 48. Nc7 f5 49. b6 g5 50. Na6 Kd5 51. Nc5 Kc6 52. b7 Nxb7 53. Nxb7 Kxb7 54. Kd4 h6 55. Ke5 f4 56. Kf5 Kb6 57. h3 Kb5 58. Kg6 Kxb4 59. Kxh6 g4 60. hxg4 f3 61. gxf3 1-0

[Event "DSOL 2021"]
[Site "Germany"]
[Date "2021.03.18"]
[Round "6.2"]
[White "Loesch, Adrian"]
[Black "Schmitt, Carsten"]
[Result "1/2-1/2"]
[WhiteElo "1899"]
[BlackElo "1901"]
[Annotator "TA"]
[PlyCount "62"]
[EventDate "2021.01.18"]
[EventType "team-tourn"]
[EventCountry "GER"]
[SourceTitle "playchess.com"]
[Source "ChessBase"]
[SourceQuality "1"]

1. c4 e6 2. g3 d5 3. Bg2 c5 4. Nf3 Nc6 5. O-O d4 6. d3 Be7 7. e3 e5 8. exd4 exd4 9. Re1 Nf6 10. Bg5 O-O 11. a3 Bg4 12. Nbd2 Qd7 13. Rb1 a5 14. Qc2 h6 15. Bxf6 Bxf6 16. Re4 Rfe8 17. Rbe1 Bf5 18. Rxe8+ Rxe8 19. Rxe8+ Qxe8 20. Qb3 Qe7 21. Kf1 g5 22. Ne1 Bg4 23. Ne4 Bg7 24. h3 Bh5 25. g4 Bg6 26. Qb5 Bf8 27. Ng3 Qc7 28. Be4 Bxe4 29. Nxe4 Qh2 30. Ke2 Qxh3 31. Kd2 Ne5 1/2-1/2

[Event "DSOL 2021"]
[Site "Germany"]
[Date "2021.03.17"]
[Round "6.2"]
[White "Wolf, Stefan"]
[Black "Seehaus, Bernhard"]
[Result "0-1"]
[WhiteElo "1896"]
[BlackElo "1624"]
[Annotator "NA"]
[PlyCount "90"]
[EventDate "2021.01.18"]
[EventType "team-tourn"]
[EventCountry "GER"]
[SourceTitle "playchess.com"]
[Source "ChessBase"]
[SourceQuality "1"]

1. c4 d6 2. Nc3 e5 3. g3 f5 4. Bg2 Nf6 5. e3 Be7 6. Nge2 O-O 7. O-O Nc6 8. d3 Qe8 9. Nd5 Bd8 10. Nec3 Kh8 11. b4 Ne7 12. Nxf6 Rxf6 13. a4 c6 14. Qe2 Be6 15. f4 Qf7 16. c5 Bc7 17. Bb2 Rh6 18. Rac1 d5 19. fxe5 Bxe5 20. Nd1 Ng6 21. Bxe5 Nxe5 22. e4 dxe4 23. Bxe4 Ng4 24. Bxf5 Bxf5 25. Qxg4 Qa2 26. Rf2 Qxf2+ 27. Nxf2 Bxg4 28. Nxg4 Re6 29. Rb1 Rd8 30. Rb3 h5 31. Nf2 Re1+ 32. Kg2 Re2 33. Kf3 Rde8 34. Ne4 Rxh2 35. b5 Ra2 36. Nc3 Rf8+ 37. Ke3 Rg2 38. Ne4 g5 39. bxc6 bxc6 40. Rb7 h4 41. gxh4 gxh4 42. Rc7 Rg6 43. Nd6 h3 44. Nf7+ Rxf7 45. Rxf7 h2 0-1

[Event "DSOL 2021"]
[Site "Germany"]
[Date "2021.03.18"]
[Round "6.2"]
[White "Haack, Kevin"]
[Black "Schubert, Ralf"]
[Result "1-0"]
[WhiteElo "1798"]
[BlackElo "2107"]
[Annotator "RC"]
[PlyCount "65"]
[EventDate "2021.01.18"]
[EventType "team-tourn"]
[EventCountry "GER"]
[SourceTitle "playchess.com"]
[Source "ChessBase"]
[SourceQuality "1"]

1. c4 g6 2. Nc3 Bg7 3. g3 f5 4. Bg2 e5 5. e3 Nf6 6. Nge2 O-O 7. O-O Nc6 8. d3 d6 9. Rb1 g5 10. f4 gxf4 11. exf4 Qe8 12. b4 Qh5 13. Nd5 Nxd5 14. Bxd5+ Kh8 15. b5 Ne7 16. Bg2 Rf6 17. Qc2 Be6 18. Bxb7 Rg8 19. Bf3 Qh3 20. Bg2 Qh5 21. Be3 Rh6 22. h3 Rg6 23. Bxa7 Bh6 24. Kh2 exf4 25. Bd4+ R6g7 26. Nxf4 Bxf4 27. gxf4 Ng6 28. Bxg7+ Rxg7 29. Qf2 Ne7 30. Rbe1 Qh6 31. a4 Ng8 32. a5 Bc8 33. Re8 1-0

[Event "DSOL 2021"]
[Site "Germany"]
[Date "2021.03.17"]
[Round "6.2"]
[White "Fucik, Timo"]
[Black "Kramer, Kurt Melik"]
[Result "1/2-1/2"]
[WhiteElo "1795"]
[BlackElo "2049"]
[Annotator "TA"]
[PlyCount "53"]
[EventDate "2021.01.18"]
[EventType "team-tourn"]
[EventCountry "GER"]
[SourceTitle "playchess.com"]
[Source "ChessBase"]
[SourceQuality "1"]

1. d4 d5 2. c4 e6 3. Nf3 Nf6 4. Nc3 Be7 5. Bg5 Nbd7 6. e3 h6 7. Bh4 O-O 8. Rc1 c5 9. dxc5 dxc4 10. Bxc4 Nxc5 11. O-O a6 12. b4 Ncd7 13. b5 Nb6 14. Bb3 Bd7 15. bxa6 Rxa6 16. Ne5 Be8 17. Qxd8 Bxd8 18. Rfd1 Be7 19. f3 Ra5 20. Ng4 Bc6 21. Nxf6+ Bxf6 22. Bxf6 gxf6 23. Kf2 f5 24. Rd2 Nd7 25. Ne2 Nf6 26. Nf4 Rfa8 27. Rcc2 1/2-1/2

[Event "DSOL 2021"]
[Site "Germany"]
[Date "2021.03.17"]
[Round "6.2"]
[White "Bussemer, Karsten"]
[Black "Zahn, Fabian"]
[Result "1-0"]
[WhiteElo "1794"]
[BlackElo "1967"]
[Annotator "TA"]
[PlyCount "93"]
[EventDate "2021.01.18"]
[EventType "team-tourn"]
[EventCountry "GER"]
[SourceTitle "playchess.com"]
[Source "ChessBase"]
[SourceQuality "1"]

1. d4 d5 2. Bf4 e6 3. Nf3 f5 4. e3 Nf6 5. c4 Be7 6. Nc3 c6 7. Be2 O-O 8. O-O Ne4 9. Ne5 Nd7 10. f3 Nxc3 11. bxc3 Nxe5 12. Bxe5 Bd6 13. f4 b6 14. a4 Bb7 15. Qb3 Rf7 16. cxd5 exd5 17. c4 Rc8 18. Rac1 Bf8 19. cxd5 cxd5 20. Bf3 Rxc1 21. Rxc1 g6 22. g4 Bg7 23. g5 Rd7 24. Kf2 Kh8 25. Rd1 Ba6 26. h4 Bc4 27. Qc3 Kg8 28. e4 fxe4 29. Bxe4 Qf8 30. Kg3 Bxe5 31. dxe5 Qd8 32. Qc2 Be2 33. Qxe2 dxe4 34. Rxd7 Qxd7 35. Qxe4 Kg7 36. Qc4 Qe7 37. e6 a6 38. Qd4+ Kg8 39. Qxb6 Qa3+ 40. Kg4 Qxa4 41. Qd8+ Kg7 42. e7 h5+ 43. gxh6+ Kh7 44. e8=Q Qxf4+ 45. Kxf4 g5+ 46. hxg5 a5 47. Qg8# 1-0

[Event "DSOL 2021"]
[Site "Germany"]
[Date "2021.03.17"]
[Round "6.2"]
[White "Sondermann, Dirk"]
[Black "Di Candia, Roberto"]
[Result "1-0"]
[WhiteElo "1755"]
[BlackElo "1958"]
[Annotator "TA"]
[PlyCount "71"]
[EventDate "2021.01.18"]
[EventType "team-tourn"]
[EventCountry "GER"]
[SourceTitle "playchess.com"]
[Source "ChessBase"]
[SourceQuality "1"]

1. d4 Nf6 2. c4 e6 3. Nc3 d5 4. Nf3 Nbd7 5. e3 c5 6. cxd5 exd5 7. Be2 c4 8. O-O a6 9. a4 Bb4 10. Qc2 O-O 11. Bd2 Nb8 12. h3 Nc6 13. Na2 Bd6 14. Nc3 g6 15. b3 Bf5 16. Qd1 Na5 17. bxc4 Nxc4 18. Nxd5 Nxd2 19. Nxf6+ Qxf6 20. Qxd2 a5 21. Rfc1 Bb4 22. Qd1 Rfc8 23. Bc4 Bd7 24. Ne5 Be8 25. Bd5 Qe7 26. Qf3 Rxc1+ 27. Rxc1 Bxa4 28. Bxf7+ Kg7 29. Qg4 Bd7 30. Nxd7 Qxf7 31. d5 Bd6 32. Qd4+ Kg8 33. Nf6+ Kf8 34. Ne4 Ba3 35. Ng5 Qe7 36. Qh8# 1-0

[Event "DSOL 2021"]
[Site "Germany"]
[Date "2021.03.19"]
[Round "6.2"]
[White "Marcziter, Dmitrii"]
[Black "Antonov, Alexander"]
[Result "1-0"]
[WhiteElo "1740"]
[BlackElo "1990"]
[Annotator "NA"]
[PlyCount "79"]
[EventDate "2021.01.18"]
[EventType "team-tourn"]
[EventCountry "GER"]
[SourceTitle "playchess.com"]
[Source "ChessBase"]
[SourceQuality "1"]
[WhiteTeam "SG Porz I"]
[BlackTeam "SG Osnabrück"]

1. d4 d5 2. c4 dxc4 3. e4 e5 4. Nf3 exd4 5. Bxc4 Nc6 6. O-O Be6 7. Bxe6 fxe6 8. Qb3 Qd7 9. Qxb7 Rb8 10. Qa6 Nf6 11. Nbd2 Bb4 12. a3 Bc5 13. b4 Bb6 14. Bb2 O-O 15. Rac1 d3 16. Qc4 Ne7 17. Rc3 Rbd8 18. Ne5 Qc8 19. Rxd3 Rxd3 20. Qxd3 Rd8 21. Qe2 Bd4 22. Bxd4 Rxd4 23. Nef3 Rd8 24. Qc4 h6 25. Nb3 Ng6 26. Nc5 Nf8 27. Nd4 Kh7 28. Ndxe6 Nxe6 29. Nxe6 Re8 30. Nc5 Qg4 31. f3 Qf4 32. Qc1 Qh4 33. Qd2 Nh5 34. Rd1 Re5 35. Qf2 Qg5 36. Nd3 Re8 37. Qc5 Qh4 38. Qf5+ Kg8 39. Ne5 Rf8 40. Qxf8+ 1-0

[Event "DSOL 2021"]
[Site "Germany"]
[Date "2021.03.16"]
[Round "6.2"]
[White "Noever, Frank"]
[Black "Bussler, Leonid"]
[Result "0-1"]
[WhiteElo "1693"]
[BlackElo "1599"]
[Annotator "NA RC"]
[PlyCount "74"]
[EventDate "2021.01.18"]
[EventType "team-tourn"]
[EventCountry "GER"]
[SourceTitle "playchess.com"]
[Source "ChessBase"]
[SourceQuality "1"]

1. c4 Nf6 2. d4 g6 3. Nc3 Bg7 4. e4 d6 5. f4 O-O 6. Nf3 Nbd7 7. Bd3 e5 8. fxe5 dxe5 9. d5 Nc5 10. O-O Nxd3 11. Qxd3 Nd7 12. b4 a5 13. b5 Nc5 14. Qe3 Nd7 15. a4 f5 16. Ba3 f4 17. Qf2 Rf7 18. Rad1 Nb6 19. Qa2 Bg4 20. c5 Bxf3 21. Rxf3 Nd7 22. c6 Nf6 23. d6 bxc6 24. bxc6 cxd6 25. Rxd6 Qb6+ 26. Kh1 Bf8 27. Re6 Bxa3 28. Qxa3 Nxe4 29. Qa2 Ng5 30. Nd5 Qd4 31. Rxg6+ hxg6 32. Rf1 Kg7 33. Qb3 Ne4 34. Re1 Nf2+ 35. Kg1 Nh3+ 36. Kh1 Qg1+ 37. Rxg1 Nf2# 0-1

[Event "DSOL 2021"]
[Site "Germany"]
[Date "2021.03.18"]
[Round "6.2"]
[White "Muschik, Benedikt"]
[Black "Striebeck, Enno"]
[Result "1/2-1/2"]
[WhiteElo "1690"]
[BlackElo "1697"]
[Annotator "NA RC"]
[PlyCount "63"]
[EventDate "2021.01.18"]
[EventType "team-tourn"]
[EventCountry "GER"]
[SourceTitle "playchess.com"]
[Source "ChessBase"]
[SourceQuality "1"]

1. d4 d5 2. Bf4 Nf6 3. e3 Bg4 4. Nf3 e6 5. c4 Bb4+ 6. Nc3 O-O 7. Be2 c5 8. dxc5 dxc4 9. O-O Bxc5 10. Bxc4 Nc6 11. Be2 h6 12. Qb3 Qe7 13. Na4 Bd6 14. Bxd6 Qxd6 15. Qxb7 Bxf3 16. Bxf3 Ne5 17. Qxa8 Rxa8 18. Bxa8 Nfg4 19. g3 Qb4 20. b3 Qd2 21. h3 Nf6 22. Bg2 Qe2 23. Nc3 Qb2 24. Nb5 Nd3 25. Rad1 Nc5 26. Nxa7 Qxa2 27. b4 Nce4 28. Ra1 Qb2 29. Rab1 Qa2 30. Ra1 Qb2 31. Rab1 Qa2 32. Ra1 1/2-1/2

[Event "DSOL 2021"]
[Site "Germany"]
[Date "2021.03.15"]
[Round "6.2"]
[White "Haffner, Ernst Georg"]
[Black "Drescher, Werner"]
[Result "0-1"]
[WhiteElo "1664"]
[BlackElo "1827"]
[Annotator "NA RC"]
[PlyCount "48"]
[EventDate "2021.01.18"]
[EventType "team-tourn"]
[EventCountry "GER"]
[SourceTitle "playchess.com"]
[Source "ChessBase"]
[SourceQuality "1"]

1. d4 Nf6 2. c4 e6 3. Nc3 d5 4. cxd5 exd5 5. Bg5 Be7 6. e3 O-O 7. Bd3 h6 8. Bf4 Be6 9. Nge2 c5 10. h3 Nc6 11. g4 cxd4 12. exd4 Nh7 13. Ng3 Bf6 14. Be3 Qb6 15. Nf5 Bxf5 16. Bxf5 Bxd4 17. Bxd4 Rfe8+ 18. Kf1 Nxd4 19. Bxh7+ Kxh7 20. g5 Re5 21. gxh6 Qa6+ 22. Kg2 Rg5+ 23. Kh2 Qd6+ 24. f4 Qxf4# 0-1

[Event "DSOL 2021"]
[Site "Germany"]
[Date "2021.03.19"]
[Round "6.2"]
[White "Weber, Marc"]
[Black "Wessendorf, Thomas"]
[Result "0-1"]
[WhiteElo "1648"]
[BlackElo "2252"]
[Annotator "NA"]
[PlyCount "52"]
[EventDate "2021.01.18"]
[EventType "team-tourn"]
[EventCountry "GER"]
[SourceTitle "playchess.com"]
[Source "ChessBase"]
[SourceQuality "1"]
[WhiteTeam "SV Walldorf I"]
[BlackTeam "SF Essen-Katernberg I"]

1. d4 Nf6 2. c4 e6 3. Nf3 c5 4. d5 exd5 5. cxd5 d6 6. Nc3 g6 7. Nd2 Nbd7 8. e4 Bg7 9. Be2 O-O 10. O-O Re8 11. a4 Ne5 12. h3 g5 13. Nf3 Nxf3+ 14. Bxf3 Nd7 15. Bg4 Ne5 16. Bxc8 Rxc8 17. Qh5 h6 18. f4 gxf4 19. Bxf4 Kh7 20. Bxe5 Rxe5 21. Qxf7 Rc7 22. Qf4 Rg5 23. Kh1 Re7 24. Rf3 Be5 25. Qh4 Reg7 26. Raf1 Rxg2 0-1

[Event "DSOL 2021"]
[Site "Germany"]
[Date "2021.03.19"]
[Round "6.2"]
[White "Farokhi, Keyvan"]
[Black "Wolff, Christoph"]
[Result "1/2-1/2"]
[WhiteElo "1635"]
[BlackElo "1994"]
[Annotator "NA"]
[PlyCount "49"]
[EventDate "2021.01.18"]
[EventType "team-tourn"]
[EventCountry "GER"]
[SourceTitle "playchess.com"]
[Source "ChessBase"]
[SourceQuality "1"]
[WhiteTeam "SK Doppelbauer Kiel"]
[BlackTeam "SC Buer-Hassel"]

1. e4 c5 2. Nf3 d6 3. c3 Nf6 4. Bd3 Bg4 5. O-O Nc6 6. h3 Bh5 7. Bc2 e6 8. d3 Be7 9. Nbd2 d5 10. Qe2 Qc7 11. Re1 O-O-O 12. Nf1 h6 13. Ng3 Bg6 14. Bd2 dxe4 15. dxe4 Nh5 16. Nxh5 Bxh5 17. Rad1 Ne5 18. g4 Nxf3+ 19. Qxf3 Bg6 20. Bf4 e5 21. Be3 Bg5 22. b4 Bxe3 23. Qxe3 b6 24. bxc5 bxc5 25. Rb1 1/2-1/2

[Event "DSOL 2021"]
[Site "Germany"]
[Date "2021.03.17"]
[Round "6.2"]
[White "Kurzweg, Jonas"]
[Black "Haehnle, Bernd"]
[Result "1-0"]
[WhiteElo "1632"]
[BlackElo "1781"]
[Annotator "NA RC"]
[PlyCount "75"]
[EventDate "2021.01.18"]
[EventType "team-tourn"]
[EventCountry "GER"]
[SourceTitle "playchess.com"]
[Source "ChessBase"]
[SourceQuality "1"]

1. e4 c6 2. Nf3 d5 3. Nc3 dxe4 4. Nxe4 Bf5 5. Ng3 Bg6 6. h4 h6 7. Ne5 Bh7 8. Qh5 g6 9. Bc4 e6 10. Qf3 Qf6 11. d4 Qxf3 12. Nxf3 g5 13. c3 g4 14. Nd2 Nf6 15. h5 Bd6 16. Be2 Bf4 17. Nc4 Bxc1 18. Rxc1 Ke7 19. Ne5 Rg8 20. Nf1 Nbd7 21. Nxd7 Kxd7 22. Ne3 Rg5 23. Kd2 Ne4+ 24. Ke1 Nf6 25. Kd2 Rag8 26. Rcf1 Ne4+ 27. Ke1 f5 28. Nc4 f4 29. Ne5+ Ke7 30. Bd3 Bf5 31. Rh4 Nf6 32. Ng6+ R5xg6 33. Bxf5 Rg5 34. Bg6 c5 35. Ke2 cxd4 36. cxd4 Rc8 37. Rd1 Rc2+ 38. Bxc2 1-0